00601nam a2200205 450000100060000000300080000600500170001400800410003102000150007203500190008704000320010604100080013808200280014624500570017426000420023130000260027350400410029965100380034070000170037834919BD-RjUL20211209052230.0140520s1969 enk b 000 0 eng d a0710063822 a(BD-RjUL)35013 aDLCcDLCdDLCdBD-RjULbeng aeng00a306.0941 220bSTU 196910aStudies in British society :cedited by J. A. Banks. aLondon :bRoutledge & K. Paul,c1969. a[3], 220 p. ;c21 cm. aIncludes bibliographical references. 0aGreat BritainxSocial conditions. aBanks, J. A.